Vista normal
Vista MARC
Entrada Personal Name
Número de registros utilizados en: 1
001 - CONTROL NUMBER
- control field: 22062
003 - CONTROL NUMBER IDENTIFIER
- control field: OSt
005 - DATE AND TIME OF LATEST TRANSACTION
- control field: 20230915230835.0
008 - FIXED-LENGTH DATA ELEMENTS
- fixed length control field: 230915|| aca||aabn | a|a d
040 ## - CATALOGING SOURCE
- Original cataloging agency: OSt
- Transcribing agency: OSt
100 ## - HEADING--PERSONAL NAME
- Personal name: Lozano Teruel, J.A.; Galindo Cascales, J.D.; Garcia - Borron Martinez, J.C
670 ## - SOURCE DATA FOUND
- Source citation: Work cat.: (OSt)25565: Lozano Teruel, J.A.; Galindo Cascales, J.D.; Garcia - Borron Martinez, J.C., Bioquímica y Biología molecular para ciencias de la salud, McGraw Hill